2021 NBA Draft (First Round) - Statistics

General Stats
  • This quiz has been taken 69 times
  • The average score is 11 of 30
Answer Stats
Pick Answer % Correct
1 Cade Cunningham
96%
2 Jalen Green
94%
3 Evan Mobley
86%
4 Scottie Barnes
86%
5 Jalen Suggs
73%
8 Franz Wagner
67%
10 Ziaire Williams
67%
7 Jonathan Kuminga
65%
14 Moses Moody
51%
16 Alperen Sengun
49%
6 Josh Giddey
47%
20 Jalen Johnson
41%
21 Keon Johnson
41%
17 Trey Murphy III
33%
9 Davion Mitchell
31%
19 Kai Jones
31%
27 Cam Thomas
20%
11 James Bouknight
20%
12 Joshua Primo
18%
30 Santi Aldama
18%
15 Corey Kispert
14%
22 Isaiah Jackson
14%
25 Quentin Grimes
14%
13 Chris Duarte
12%
18 Tre Mann
12%
24 Josh Christopher
10%
23 Usman Garuba
10%
26 Bones Hyland
8%
29 Day'Ron Sharpe
8%
28 Jaden Springer
0%
No matching quizzes found
Score Distribution
Percent of People with Each Score
Percentile by Number Answered
Your Score History
You have not taken this quiz